Biggest Cities in Connecticut - Statistics

General Stats
  • This quiz has been taken 7,145 times
    6,539 since last reset
  • The average score is 9 of 20
Answer Stats
Population City % Correct
120,576 Hartford
97%
135,081 New Haven
91%
148,333 Bridgeport
87%
136,309 Stamford
73%
113,811 Waterbury
58%
86,759 Danbury
55%
63,518 Greenwich
50%
91,194 Norwalk
46%
64,083 West Hartford
44%
61,512 Fairfield
40%
73,841 New Britain
38%
51,045 East Hartford
37%
55,294 West Haven
36%
60,661 Bristol
34%
47,108 Middletown
32%
50,541 Milford
31%
59,713 Manchester
28%
60,517 Meriden
25%
61,169 Hamden
21%
52,355 Stratford
21%
No matching quizzes found
Score Distribution
Percent of People with Each Score
Percentile by Number Answered
Your Score History
You have not taken this quiz since the last reset